00568nam a2200157 a 450000500170000000800410001702000180005805000180007624500810009426000520017530000190022765000240024665000110027099900190028195201100030020140412111324.0001113s19uu xx 00 eng d a0-7853-1261-7 aERbPa11 1995 aPat-a-cake and more :bplay along rhymes /cillustrated by Krista Brauckman. a[s.l] :bPublications International Ltd,c1995. a[15] p. ; ill. aPoetry for children aRhymes c104506d104506 00104050aELbELcERd2000-11-13eDonationl0oER Pa11 1995pE8089r2014-04-12 00:00:00w2014-04-12yBK